00942nam a2200241 a 450000100060000000300080000600500170001400800410003102000150007203500190008704000340010604100080014008200240014824502410017225000170041326000560043030000300048650400660051665000140058270000350059670000380063170000310066977000BD-RjUL20211209082920.0200212r19911993enka b 001 0 eng c a0500276285 a(BD-RjUL)77224 aDLC/MHcMHdDLCdBD-RjULbeng aeng 223a294.3bWOR 199304aThe world of Buddhism :bBuddhist monks and nuns in society and culture : with 297 illustrations, 82 in colour, 215 photographs, drawings and maps /ctexts by Richard Gombrich ... [et al.] ; edited by Heinz Bechert and Richard Gombrich. a1st pbk. ed. aLondon :bThames and Hudson,c1991 [Reprinted 1993] a308 p. :bill. ;c30 cm. aIncludes bibliographical references (p. 293-[296]) and index. 0aBuddhism.1 aGombrich, Richard ... [et al.]1 aBechert, Heinz,d1932-2005. , ed.1 aGombrich, Richard, jt. ed.